World currency (hard) - Statistics

General Stats
  • This quiz has been taken 39 times
    24 since last reset
  • The average score is 81 of 196
Answer Stats
Country Currency % Correct
Canada Dollar
93%
Australia Dollar
87%
Austria Euro
80%
Belgium Euro
80%
Croatia Euro
80%
United States Dollar
73%
Andorra Euro
73%
Cyprus Euro
73%
United Kingdom Pound
73%
Bahamas Dollar
67%
Germany Euro
67%
Chile Peso
67%
Barbados Dollar
60%
Belize Dollar
60%
Estonia Euro
60%
Finland Euro
60%
France Euro
60%
Italy Euro
60%
Vatican City Euro
60%
Albania Lek
60%
Argentina Peso
60%
Colombia Peso
60%
Cuba Peso
60%
Afghanistan Afghani
53%
Antigua and Barbuda Dollar
53%
Dominica Dollar
53%
El Salvador Dollar
53%
New Zealand Dollar
53%
Ireland Euro
53%
Latvia Euro
53%
Lithuania Euro
53%
Malta Euro
53%
Monaco Euro
53%
Netherlands Euro
53%
San Marino Euro
53%
Spain Euro
53%
Dominican Republic Peso
53%
Uruguay Peso
53%
Egypt Pound
53%
Belarus Ruble
53%
Japan Yen
53%
China Yuan
53%
Algeria Dinar
47%
Bahrain Dinar
47%
United Arab Emirates Dirham
47%
Brunei Dollar
47%
East Timor Dollar
47%
Federated States of Micronesia Dollar
47%
Marshall Islands Dollar
47%
Taiwan Dollar
47%
Greece Euro
47%
Kosovo Euro
47%
Luxembourg Euro
47%
Montenegro Euro
47%
Portugal Euro
47%
Slovakia Euro
47%
Central African Republic Franc
47%
Chad Franc
47%
Côte d'Ivoire Franc
47%
Switzerland Franc
47%
Denmark Krone
47%
Bulgaria Lev
47%
Turkey Lira
47%
Bosnia and Herzegovina Mark
47%
Mexico Peso
47%
Brazil Real
47%
Russia Ruble
47%
Thailand Baht
40%
Panama Balboa
40%
Kuwait Dinar
40%
Grenada Dollar
40%
Guyana Dollar
40%
Jamaica Dollar
40%
Kiribati Dollar
40%
Liberia Dollar
40%
Palau Dollar
40%
Singapore Dollar
40%
Trinidad and Tobago Dollar
40%
Tuvalu Dollar
40%
Slovenia Euro
40%
Benin Franc
40%
Burkina Faso Franc
40%
Burundi Franc
40%
Cameroon Franc
40%
Comoros Franc
40%
Democratic Republic of Congo Franc
40%
Djibouti Franc
40%
Equatorial Guinea Franc
40%
Gabon Franc
40%
Liechtenstein Franc
40%
Republic of the Congo Franc
40%
Paraguay Guarani
40%
Czech Republic Koruna
40%
Sweden Krona
40%
Bhutan Ngultrum
40%
Philippines Peso
40%
Lebanon Pound
40%
Syria Pound
40%
Botswana Pula
40%
Qatar Riyal
40%
India Rupee
40%
Nepal Rupee
40%
Pakistan Rupee
40%
Kenya Shilling
40%
Uganda Shilling
40%
Bangladesh Taka
40%
Poland Zloty
40%
Ethiopia Birr
33%
Bolivia Boliviano
33%
Ghana Cedi
33%
Costa Rica Colón
33%
North Macedonia Denar
33%
Iraq Dinar
33%
Jordan Dinar
33%
Libya Dinar
33%
Serbia Dinar
33%
São Tomé and Príncipe Dobra
33%
Ecuador Dollar
33%
Fiji Dollar
33%
Namibia Dollar
33%
Nauru Dollar
33%
Saint Kitts and Nevis Dollar
33%
Saint Vincent and the Grenadines Dollar
33%
Solomon Islands Dollar
33%
Suriname Dollar
33%
Zimbabwe Dollar
33%
Vietnam Dong
33%
Armenia Dram
33%
Cape Verde Escudo
33%
Hungary Forint
33%
Guinea Franc
33%
Guinea-Bissau Franc
33%
Mali Franc
33%
Niger Franc
33%
Ukraine Hryvnia
33%
Papua New Guinea Kina
33%
Laos Kip
33%
Iceland Króna
33%
Norway Krone
33%
Angola Kwanza
33%
Moldova Leu
33%
Romania Leu
33%
eSwatini Lilangeni
33%
Azerbaijan Manat
33%
Turkmenistan Manat
33%
Eritrea Nakfa
33%
South Sudan Pound
33%
Sudan Pound
33%
Guatemala Quetzal
33%
Iran Rial
33%
Oman Rial
33%
Cambodia Riel
33%
Malaysia Ringgit
33%
Sri Lanka Rupee
33%
Indonesia Rupiah
33%
Israel Shekel
33%
Tanzania Shilling
33%
Peru Sol
33%
Kyrgyzstan Som
33%
Samoa Tala
33%
North Korea Won
33%
South Korea Won
33%
Madagascar Ariary
27%
Venezuela Bolívar
27%
Nicaragua Córdoba
27%
Gambia Dalasi
27%
Tunisia Dinar
27%
Morocco Dirham
27%
Saint Lucia Dollar
27%
Rwanda Franc
27%
Senegal Franc
27%
Togo Franc
27%
Haiti Gourde
27%
Malawi Kwacha
27%
Zambia Kwacha
27%
Myanmar Kyat
27%
Georgia Lari
27%
Honduras Lempira
27%
Sierra Leone Leone
27%
Lesotho Loti
27%
Mozambique Metical
27%
Nigeria Naira
27%
Mauritania Ouguiya
27%
Tonga Pa'anga
27%
South Africa Rand
27%
Yemen Rial
27%
Saudi Arabia Riyal
27%
Maldives Rufiyaa
27%
Mauritius Rupee
27%
Seychelles Rupee
27%
Somalia Shilling
27%
Uzbekistan Som
27%
Tajikistan Somoni
27%
Kazakhstan Tenge
27%
Mongolia Tögrög
27%
Vanuatu Vatu
27%
No matching quizzes found
Score Distribution
Percent of People with Each Score
Percentile by Number Answered
Your Score History
You have not taken this quiz since the last reset